000 01042cam a22002174a 4500
005 20250605164034.0
008 250528s ||||||||||||||||||||||||d
035 _a16747
020 _a1403979790
040 _aGR-AtMCL
_bgre
_dGR-AtMCL
_eAACR2
245 1 _aBig Brain / The Origins and Future of Human Intelligence
250 _a1st
260 _bPalgrave Macmillan,
_c2008
300 _a264
520 _aA lively and fast-paced investigation of how our brains got the way they are, and how they might get better - much better. Big Brains and Bigger Brains, The Mind in the Machine, Genes Build Brains, Brains Arrive, The Brains of Mammals, From Olfaction to Cognition, The Thinking Brain, The Tools of Thought, From Brain Differences to Individual Differences, What's in a Species?, The Origins of Big Brains, Giant Brains, All But Human, More than Human, Appendix, Acknowledgements, Bibliography, Index.
700 1 _aGranger Richard
_92836
700 1 _aLynch Gary
_92837
942 _cBK
999 _c2216
_d2216